[Event "Superettan(Horndal-Team Malmo)"]
[Site "?"]
[Date "2010.12.04"]
[Round "3"]
[White "Lindahl, Jonas"]
[Black "Angskog, Kent"]
[Result "1/2-1/2"]
[WhiteElo "2250"]
[BlackElo "2230"]
[PlyCount "139"]

1. e4 g6 2. d4 Bg7 3. Nc3 d6 4. Be3 a6 5. a4 Nc6 6. h3 e5 7. Nf3 exd4 8. Nxd4
Nf6 9. Nxc6 bxc6 10. Bd3 O-O 11. O-O Rb8 12. Rb1 Re8 13. Qd2 d5 14. Bg5 dxe4
15. Bc4 Qxd2 16. Bxd2 Nd5 17. Bxd5 cxd5 18. Nxd5 Rd8 19. Ne7+ Kf8 20. Nc6 Rxd2
21. Nxb8 e3 22. Rfd1 Bf5 23. fxe3 Rxc2 24. Rbc1 Rxb2 25. Rd8+ Ke7 26. Nc6+ Kf6
27. Rc4 Bh6 28. e4 Be3+ 29. Kf1 Be6 30. Rc3 Bg5 31. Nd4 Ba2 32. Ne2 Kg7 33. Rd7
c5 34. h4 Bd2 35. Rxd2 Rxd2 36. Rxc5 Bb1 37. Nc3 Bd3+ 38. Kg1 Rc2 39. a5 h5 40.
Kh1 Kf8 41. Rc8+ Kg7 42. Rc5 Kf8 43. Rc8+ Kg7 44. Rc5 Kf8 45. Na4 Ra2 46. Nc3
Rc2 47. Na4 Ra2 48. Nc3 Rc2 49. g3 Ke8 50. Re5+ Kf8 51. Rc5 Kg7 52. e5 Kf8 53.
Na4 Ra2 54. Nc3 Rc2 55. Na4 Ra2 56. Nb6 Bb5 57. Nd5 Rxa5 58. Rc8+ Kg7 59. Nf6
Ra2 60. Rg8+ Kh6 61. Rf8 Kg7 62. Rg8+ Kh6 63. g4 hxg4 64. Rh8+ Kg7 65. Rg8+ Kh6
66. Rh8+ Kg7 67. Rg8+ Kh6 68. Rh8+ Kg7 69. Rg8+ Kh6 70. Rh8+ 1/2-1/2

[Event "Superettan(Horndal-Team Malmo)"]
[Site "?"]
[Date "2010.12.04"]
[Round "3"]
[White "Rorvall, Goran"]
[Black "Malmqvist, Glenn"]
[Result "1-0"]
[WhiteElo "2179"]
[BlackElo "2226"]
[PlyCount "97"]

1. e4 e6 2. d3 d5 3. Nd2 Nf6 4. g3 c5 5. Bg2 Nc6 6. Ngf3 Qc7 7. O-O Be7 8. Re1
O-O 9. e5 Nd7 10. Qe2 Nd4 11. Nxd4 cxd4 12. Nf3 Bb4 13. Rf1 Be7 14. Bf4 Qb6 15.
Rfb1 Nb8 16. Bg5 Nc6 17. Bxe7 Nxe7 18. c3 Nc6 19. c4 Rd8 20. b4 dxc4 21. dxc4
d3 22. Qe4 d2 23. a3 Ne7 24. Rd1 Bd7 25. Rxd2 Bc6 26. Rxd8+ Rxd8 27. Qe2 Ng6
28. Re1 a6 29. h4 h6 30. h5 Ne7 31. Rd1 Rc8 32. Qd3 Nf5 33. g4 Ne7 34. Qd6 Re8
35. c5 Qb5 36. Nd4 Qa4 37. Nxc6 bxc6 38. Qd7 Kf8 39. Qd3 Nd5 40. Bxd5 exd5 41.
Re1 Qb5 42. Qh7 Re6 43. Qh8+ Ke7 44. Qxg7 Qc4 45. Re3 Qf4 46. Kg2 d4 47. Rf3
Qxe5 48. Rxf7+ Kd8 49. Rf8+ 1-0

[Event "Superettan(Horndal-Team Malmo)"]
[Site "?"]
[Date "2010.12.04"]
[Round "3"]
[White "Franzen, Johan"]
[Black "Becker, Johnny"]
[Result "1-0"]
[WhiteElo "2100"]
[BlackElo "2140"]
[PlyCount "120"]

1. d4 g6 2. Nf3 Bg7 3. g3 c5 4. c3 Na6 5. Bg2 Nf6 6. O-O O-O 7. Re1 d5 8. Nbd2
cxd4 9. Nxd4 e5 10. N4b3 Qc7 11. e4 Bg4 12. Bf3 Be6 13. exd5 Nxd5 14. Ne4 h6
15. Ng5 hxg5 16. Bxd5 Rad8 17. c4 Bxd5 18. cxd5 Nb4 19. Bxg5 Rxd5 20. Qe2 Nd3
21. Red1 Qd7 22. Rxd3 Rxd3 23. Nc5 Qf5 24. Qxd3 Qxg5 25. Nxb7 Qe7 26. Na5 Qc7
27. Nc4 Rd8 28. Qe2 Rd4 29. b3 Qc5 30. Re1 e4 31. Rd1 Rxd1+ 32. Qxd1 Bd4 33.
Qe2 f5 34. Kg2 Kg7 35. Qd2 Kh7 36. Qf4 Kg7 37. h4 Bf6 38. Qd6 Qxd6 39. Nxd6 Bd4
40. Kf1 Kf6 41. Ke2 Ke6 42. Nc4 Kd5 43. Ne3+ Kc5 44. h5 gxh5 45. Nxf5 Bf6 46.
Ke3 Kd5 47. Kf4 Bd8 48. b4 Bb6 49. Ne3+ Kd4 50. a4 a6 51. b5 axb5 52. axb5 Kd3
53. Kg5 Ke2 54. Kxh5 Kxf2 55. Nf5 e3 56. Nxe3 Kxg3 57. Nd5 Bd8 58. Kg6 Kf3 59.
Kf7 Ke4 60. Ke6 Kd4 1-0

[Event "Superettan(Horndal-Team Malmo)"]
[Site "?"]
[Date "2010.12.04"]
[Round "3"]
[White "Bengts, Torleif"]
[Black "Magnusson, Roger"]
[Result "1-0"]
[WhiteElo "2164"]
[BlackElo "2029"]
[PlyCount "79"]

1. e4 c5 2. c3 e6 3. d4 Nf6 4. Bd3 Nc6 5. Nf3 cxd4 6. e5 Nd5 7. cxd4 Qb6 8. Be4
Bb4+ 9. Kf1 Be7 10. Kg1 d6 11. Na3 f5 12. Nc4 Qd8 13. Bxd5 exd5 14. Nxd6+ Bxd6
15. exd6 Qxd6 16. h4 O-O 17. h5 Bd7 18. Rh4 Rae8 19. Bf4 Qe7 20. Qb3 Be6 21.
Rh3 Qd7 22. Rg3 Rf7 23. Rc1 Rfe7 24. Ne5 Nxe5 25. Bxe5 Rc8 26. Rxc8+ Qxc8 27.
Qa3 Rf7 28. Rc3 Qe8 29. Qxa7 Rd7 30. Qb6 Bf7 31. h6 Bg6 32. hxg7 f4 33. Rc7 f3
34. Rxd7 Qxd7 35. Qf6 Bf7 36. Qxf3 h5 37. Qa3 Qc8 38. Qd6 b5 39. Qh6 Qc1+ 40.
Qxc1 1-0

[Event "Superettan(Horndal-Team Malmo)"]
[Site "?"]
[Date "2010.12.04"]
[Round "3"]
[White "Malmgren, Lars-Goran"]
[Black "Wiker, Bo"]
[Result "0-1"]
[WhiteElo "2015"]
[BlackElo "2078"]
[PlyCount "152"]

1. c4 Nf6 2. d4 g6 3. Nc3 Bg7 4. e4 d6 5. Nf3 O-O 6. Be2 e5 7. O-O Nbd7 8. d5
Nc5 9. Qc2 a5 10. Be3 Qe7 11. Nd2 Bd7 12. Rab1 Ne8 13. f3 f5 14. Nb3 b6 15.
Nxc5 dxc5 16. exf5 gxf5 17. Bd3 Nd6 18. Rbe1 Rae8 19. Nb5 Bxb5 20. cxb5 Kh8 21.
b3 Qf7 22. Bc4 Qh5 23. Be2 f4 24. Bf2 Rf6 25. g4 Qh3 26. Kh1 e4 27. Bg1 e3 28.
Bd3 Re5 29. Bc4 h5 30. Qg2 hxg4 31. fxg4 Qxg2+ 32. Kxg2 Ne4 33. Rf3 Nd2 34. h4
Re4 35. g5 Rf8 36. Rc1 Nxf3 37. Kxf3 Rd4 38. Rc2 Re8 39. Re2 a4 40. h5 axb3 41.
axb3 Re5 42. h6 Rxg5 43. hxg7+ Kxg7 44. Bh2 Kf6 45. Re1 Kf5 46. Bf1 Rh5 47. Bg1
Rxd5 48. Ra1 Rd2 49. Ra4 Rd4 50. Ra8 Rd1 51. Rf8+ Ke5 52. Re8+ Kf6 53. Ke2 Rd2+
54. Kf3 Rg5 55. Rf8+ Ke7 56. Rxf4 Rxg1 57. Kxe3 Rd4 58. Rf3 Rgg4 59. Bc4 Rge4+
60. Kf2 Rf4 61. Rxf4 Rxf4+ 62. Ke3 Rd4 63. Ke2 Kd6 64. Bd3 Ke5 65. Kd2 Kf4 66.
Kc3 Ke3 67. Bc4 Rd1 68. Kc2 Rg1 69. Kc3 Rc1+ 70. Kb2 Kd2 71. Bg8 Rc2+ 72. Ka3
Kc3 73. Bc4 Rc1 74. Ka2 Kb4 75. Kb2 Rxc4 76. bxc4 Kxc4 0-1

[Event "Superettan(Horndal-Team Malmo)"]
[Site "?"]
[Date "2010.12.04"]
[Round "3"]
[White "Eriksson, Magnus"]
[Black "Danielsson, Dominik"]
[Result "0-1"]
[WhiteElo "2104"]
[BlackElo "1921"]
[PlyCount "114"]

1. d4 f5 2. g3 g6 3. Bg2 Bg7 4. c4 Nf6 5. Nc3 O-O 6. Nf3 d6 7. O-O c6 8. d5 Qe8
9. Re1 Na6 10. Nd4 Bd7 11. Rb1 Nc5 12. b4 Nce4 13. Nxe4 Nxe4 14. Qd3 c5 15.
bxc5 Nxc5 16. Qe3 Rc8 17. Ne6 Nxe6 18. dxe6 Bc6 19. Bd5 Bxd5 20. cxd5 b6 21.
Qa3 Rc7 22. Be3 Qa8 23. Red1 Rfc8 24. Qa6 Bc3 25. Rb3 Qb7 26. Qd3 Bf6 27. Bd2
Rc5 28. Bb4 Rc2 29. a3 Qc7 30. Qe3 Rc1 31. Rbd3 a5 32. Be1 Rxd1 33. Rxd1 Qc5
34. Qd3 Qc4 35. Kg2 Qxd3 36. Rxd3 Rc2 37. e3 Rb2 38. Kf3 h6 39. h4 g5 40. hxg5
hxg5 41. e4 fxe4+ 42. Kxe4 Re2+ 43. Re3 Rxe3+ 44. fxe3 a4 45. g4 Bb2 46. Bb4
Kg7 47. Kf5 Bc1 48. e4 Bf4 49. Bc3+ Kf8 50. e5 b5 51. exd6 Bxd6 52. Bb2 b4 53.
axb4 Bxb4 54. Kxg5 a3 55. Ba1 Bd2+ 56. Kg6 Bc1 57. Bg7+ Ke8 0-1

[Event "Superettan(Wasa-Mark)"]
[Site "?"]
[Date "2010.12.04"]
[Round "3"]
[White "Oskarsson, Bo-Lennart"]
[Black "Wedberg, Tom"]
[Result "0-1"]
[WhiteElo "2207"]
[BlackElo "2562"]
[PlyCount "62"]

1. e4 e5 2. Nf3 Nc6 3. d4 exd4 4. Nxd4 Nf6 5. Nxc6 bxc6 6. e5 Qe7 7. Qe2 Nd5 8.
c4 Nb6 9. Nc3 a5 10. Bd2 a4 11. f4 Ba6 12. Qe4 g6 13. b4 Bb7 14. c5 Nd5 15. Bd3
Bg7 16. O-O O-O 17. Rae1 Rfe8 18. Nxd5 cxd5 19. Qf3 Qf8 20. Qh3 f5 21. exf6
Qxf6 22. Rxe8+ Rxe8 23. Qxd7 Bc6 24. Qh3 Qb2 25. Bc1 Qd4+ 26. Kh1 Qxb4 27. f5
Re1 28. fxg6 hxg6 29. Qc8+ Be8 30. Ba3 Rxf1+ 31. Bxf1 Qe1 0-1

[Event "Superettan(Wasa-Mark)"]
[Site "?"]
[Date "2010.12.04"]
[Round "3"]
[White "Astrom, Goran"]
[Black "Hautajarvi, Jukka"]
[Result "1/2-1/2"]
[WhiteElo "2177"]
[BlackElo "2330"]
[PlyCount "107"]

1. e4 c6 2. d4 d5 3. Nd2 dxe4 4. Nxe4 Nd7 5. Ng5 Ndf6 6. Bc4 Nh6 7. c3 e6 8.
N1f3 Bd6 9. O-O Qc7 10. Re1 O-O 11. Qe2 Nf5 12. Ne5 h6 13. Ngf3 Re8 14. g4 Ne7
15. h4 Nfd5 16. Bd3 f6 17. Qe4 f5 18. Qe2 fxg4 19. Nxg4 Nf4 20. Bxf4 Bxf4 21.
Qe4 Nf5 22. Nge5 Bxe5 23. Qxe5 Qxe5 24. Rxe5 Nd6 25. h5 Rf8 26. Nh4 Rf6 27. Ng6
Bd7 28. Rae1 Re8 29. Kg2 a6 30. Kg3 Bc8 31. f4 Bd7 32. Bc2 Bc8 33. Bb3 Kh7 34.
Bxe6 Bxe6 35. Rxe6 Rfxe6 36. Rxe6 Rxe6 37. Nf8+ Kg8 38. Nxe6 Kf7 39. Nc5 g6 40.
Kg4 a5 41. a4 Kf6 42. b4 axb4 43. cxb4 gxh5+ 44. Kxh5 Kf5 45. a5 Kxf4 46. Nxb7
Nb5 47. Nd8 Ke4 48. Nxc6 Kd5 49. Ne7+ Kxd4 50. a6 Kc4 51. Nc6 Nc7 52. a7 Kb5
53. Nb8 Na8 54. Kxh6 1/2-1/2

[Event "Superettan(Wasa-Mark)"]
[Site "?"]
[Date "2010.12.04"]
[Round "3"]
[White "Abdollahzadeh, Arash"]
[Black "Hallerod, Ralph"]
[Result "0-1"]
[WhiteElo "2302"]
[BlackElo "2159"]
[PlyCount "112"]
[EventDate "2010.??.??"]

1. e4 c6 2. Nc3 d5 3. Nf3 dxe4 4. Nxe4 Nf6 5. Nxf6+ gxf6 6. d4 Bg4 7. Be2 e6 8.
c3 Bd6 9. h3 Bh5 10. Nh4 Bxe2 11. Qxe2 Qe7 12. f4 f5 13. Nf3 Nd7 14. g4 fxg4
15. hxg4 O-O-O 16. Bd2 Nf6 17. Ne5 Rdg8 18. g5 Ne8 19. O-O-O Bxe5 20. dxe5 Ng7
21. Be3 Nf5 22. Rh3 Kb8 23. Rdh1 Qd8 24. Bf2 Qa5 25. c4 Qd8 26. Rxh7 Rxh7 27.
Rxh7 Rh8 28. Rxh8 Qxh8 29. Bc5 b6 30. Bd6+ Nxd6 31. exd6 Qd4 32. f5 Qf4+ 33.
Kc2 Qxf5+ 34. Kb3 Kc8 35. a3 Kd7 36. Qd2 e5 37. c5 bxc5 38. Qa5 Qd3+ 39. Ka2
Qd5+ 40. Ka1 Qd1+ 41. Ka2 Qd5+ 42. Ka1 Kxd6 43. Qxa7 e4 44. Qb8+ Ke6 45. Qc8+
Ke5 46. Qh8+ Kf4 47. Qh4+ Ke3 48. Qg3+ Kd2 49. Qf2+ Kd3 50. Qf1+ Kc2 51. Qe2+
Kb3 52. Qf1 e3 53. Qb1 c4 54. a4 e2 55. Qa2+ Kc2 56. b4+ Kd1 0-1

[Event "Superettan(Wasa-Mark)"]
[Site "?"]
[Date "2010.12.04"]
[Round "3"]
[White "Soderberg, Per"]
[Black "Sixtensson, Mikael"]
[Result "1-0"]
[WhiteElo "2196"]
[BlackElo "2277"]
[PlyCount "61"]

1. e4 g6 2. d4 Bg7 3. Nc3 c5 4. Nf3 cxd4 5. Nxd4 Nc6 6. Be3 Nf6 7. Be2 O-O 8.
O-O d6 9. f4 Qb6 10. Qd3 Ng4 11. Nd5 Qd8 12. Bxg4 Bxg4 13. f5 Nxd4 14. Bxd4 Be2
15. Qxe2 Bxd4+ 16. Kh1 Be5 17. c3 e6 18. Ne3 exf5 19. exf5 Qh4 20. Ng4 Rae8 21.
Qf3 b6 22. Rad1 Qg5 23. Qh3 h5 24. Nxe5 dxe5 25. Rd3 Rd8 26. Rg3 Qf4 27. Kg1
Qh6 28. Qh4 Rde8 29. Qe4 Kh7 30. h4 a5 31. Rg5 1-0

[Event "Superettan(Wasa-Mark)"]
[Site "?"]
[Date "2010.12.04"]
[Round "3"]
[White "Forsberg, Timmy"]
[Black "Marchand, Erick"]
[Result "1-0"]
[WhiteElo "2117"]
[BlackElo "2082"]
[PlyCount "85"]

1. d4 Nf6 2. Bg5 d5 3. Bxf6 exf6 4. e3 c6 5. g3 Qb6 6. b3 a5 7. c3 h5 8. h4 a4
9. b4 Qc7 10. a3 Bd6 11. c4 Bg4 12. Qc2 dxc4 13. Bxc4 O-O 14. Be2 Bxe2 15. Nxe2
Nd7 16. Nbc3 b5 17. Rc1 Nb6 18. Nxb5 cxb5 19. Qxc7 Bxc7 20. Rxc7 Nc4 21. Rxc4
bxc4 22. Nc3 f5 23. Kd2 f6 24. Nd5 Kf7 25. Nb6 Ra6 26. Nd7 Re8 27. Nc5 Ra7 28.
Kc3 Ke7 29. Kxc4 Kd6 30. b5 Kc7 31. Kb4 Kd6 32. Rc1 Kd5 33. Rc3 g5 34. b6 Rae7
35. Kxa4 f4 36. Kb5 fxe3 37. fxe3 gxh4 38. gxh4 f5 39. a4 f4 40. exf4 Re1 41.
Rc4 Ra1 42. Rb4 Ra8 43. Nd7 1-0

[Event "Superettan(Wasa-Mark)"]
[Site "?"]
[Date "2010.12.04"]
[Round "3"]
[White "Safholm, Sten"]
[Black "Svensson, Leif"]
[Result "0-1"]
[WhiteElo "2043"]
[BlackElo "2129"]
[PlyCount "82"]

1. e4 e5 2. Nf3 Nc6 3. Bb5 a6 4. Ba4 Nf6 5. O-O b5 6. Bb3 Bb7 7. Qe2 Bc5 8. c3
d6 9. a4 O-O 10. d3 h6 11. Nbd2 Qe7 12. Rd1 Rad8 13. Nf1 d5 14. axb5 axb5 15.
exd5 Nxd5 16. d4 exd4 17. Qxb5 Nb6 18. Bf4 dxc3 19. bxc3 Rxd1 20. Rxd1 Nd8 21.
Re1 Ne6 22. N1d2 Rd8 23. Be3 Bxe3 24. Rxe3 Qc5 25. Qe2 Nd5 26. Rxe6 fxe6 27.
Qxe6+ Kh8 28. Ne5 Nf4 29. Qf5 Bd5 30. Bc2 Ne2+ 31. Kf1 Kg8 32. Kxe2 Qxc3 33.
Bd3 c5 34. Qh7+ Kf8 35. Qh8+ Bg8 36. Ng6+ Kf7 37. Nf4 Re8+ 38. Kf3 Qf6 39. g3
g5 40. Kg2 gxf4 41. g4 Qxh8 0-1

[Event "Superettan(Wasa-Mark)"]
[Site "?"]
[Date "2010.12.04"]
[Round "3"]
[White "Kleimark, Anders"]
[Black "Ranby, Hans"]
[Result "0-1"]
[WhiteElo "2003"]
[BlackElo "1882"]
[PlyCount "72"]

1. d4 Nf6 2. c4 b6 3. Nc3 Bb7 4. Nf3 e6 5. Bg5 Be7 6. e3 Ne4 7. Bxe7 Qxe7 8.
Qc2 f5 9. Bd3 Nxc3 10. Qxc3 O-O 11. Be2 d6 12. O-O Nd7 13. b4 Nf6 14. Nd2 c5
15. f3 Rac8 16. Nb3 cxd4 17. exd4 e5 18. dxe5 dxe5 19. a3 Nd5 20. Qb2 Nf4 21.
c5 Qg5 22. Bc4+ Kh8 23. Rad1 e4 24. fxe4 Bxe4 25. Rd2 Rcd8 26. Nd4 Nxg2 27.
Rxg2 Bxg2 28. Qxg2 Qxg2+ 29. Kxg2 Rxd4 30. Bb5 bxc5 31. bxc5 Rd5 32. a4 Rxc5
33. Rd1 f4 34. Rd7 f3+ 35. Kf1 f2 36. Kg2 Rxb5 0-1

[Event "Superettan(Orebro-Majorna)"]
[Site "?"]
[Date "2010.12.04"]
[Round "3"]
[White "Enstrom, Henrik"]
[Black "Drugge, Patrick"]
[Result "1/2-1/2"]
[WhiteElo "2226"]
[BlackElo "2357"]
[PlyCount "70"]

1. d4 d5 2. c4 e6 3. Nf3 c6 4. e3 f5 5. Nc3 Bd6 6. b3 Nf6 7. Bd3 Ne4 8. Bb2 Nd7
9. O-O O-O 10. Ne2 b6 11. Ne5 Bb7 12. f3 Nec5 13. cxd5 Nxd3 14. Qxd3 exd5 15.
Rac1 Rc8 16. Rc2 Qe7 17. f4 c5 18. Rfc1 c4 19. Qd1 b5 20. Ng3 g6 21. Kh1 Nf6
22. a4 a6 23. Ra1 Ra8 24. Rcc1 Kg7 25. h3 h5 26. bxc4 dxc4 27. d5 Bxd5 28. Nxg6
Bxg2+ 29. Kxg2 Kxg6 30. Bxf6 Kxf6 31. Qxh5 Ke6 32. axb5 Qb7+ 33. Kh2 axb5 34.
Ne2 Bc5 35. Rxa8 Qxa8 1/2-1/2

[Event "Superettan(Orebro-Majorna)"]
[Site "?"]
[Date "2010.12.04"]
[Round "3"]
[White "Nygren, Kim"]
[Black "Strom, Leif"]
[Result "1-0"]
[WhiteElo "2327"]
[BlackElo "2113"]
[PlyCount "51"]

1. e4 c5 2. Nf3 e6 3. d4 cxd4 4. Nxd4 a6 5. Nc3 Qc7 6. g3 b6 7. Bg2 Bb7 8. O-O
Nf6 9. Re1 d6 10. Nd5 exd5 11. exd5+ Kd8 12. Bg5 Nbd7 13. Nc6+ Kc8 14. Bxf6
Nxf6 15. Bh3+ Qd7 16. Bxd7+ Kxd7 17. Qd4 Bxc6 18. dxc6+ Kc7 19. c4 Rd8 20. a4
d5 21. a5 Bc5 22. axb6+ Kxc6 23. cxd5+ Rxd5 24. Qa4+ Kxb6 25. Qxa6+ Kc7 26.
Rac1 1-0

[Event "Superettan(Orebro-Majorna)"]
[Site "?"]
[Date "2010.12.04"]
[Round "3"]
[White "Panas, Itai"]
[Black "Lundin, Jan"]
[Result "0-1"]
[WhiteElo "2182"]
[BlackElo "2325"]
[PlyCount "68"]

1. c4 e5 2. Nc3 Nc6 3. e3 Nf6 4. Nf3 d5 5. cxd5 Nxd5 6. d4 Bb4 7. Bd2 exd4 8.
Nxd5 Bxd2+ 9. Qxd2 Qxd5 10. Nxd4 Nxd4 11. Qxd4 Qxd4 12. exd4 Be6 13. b3 O-O-O
14. O-O-O Rd6 15. Bc4 Bxc4 16. bxc4 Rc6 17. c5 b6 18. Kb2 bxc5 19. d5 Rf6 20.
Rd2 Kd7 21. f3 Re8 22. Rc1 Rb6+ 23. Ka1 Kd6 24. Rdc2 Rb5 25. Rd1 Re3 26. Rcd2
c4 27. Rc2 c3 28. Rdc1 Rc5 29. a3 Kxd5 30. Ka2 Kc4 31. Rb1 Kd3 32. Rbc1 Re2 33.
Rxe2 Kxe2 34. Kb3 Kd2 0-1

[Event "Superettan(Orebro-Majorna)"]
[Site "?"]
[Date "2010.12.04"]
[Round "3"]
[White "Gruvaeus, Curt"]
[Black "Bengtsson, Tage"]
[Result "1-0"]
[WhiteElo "2333"]
[BlackElo "2052"]
[PlyCount "33"]

1. d4 f5 2. e4 fxe4 3. f3 exf3 4. Nxf3 Nf6 5. Bd3 e6 6. Ng5 Nc6 7. Nxh7 Ne7 8.
O-O Nf5 9. Nxf8 Rxf8 10. g4 Nd6 11. Bg6+ Ke7 12. Nc3 Nf7 13. g5 Ng8 14. Qh5 Nd6
15. Bf4 c6 16. Qh7 Ne8 17. Be5 1-0

[Event "Superettan(Orebro-Majorna)"]
[Site "?"]
[Date "2010.12.04"]
[Round "3"]
[White "Bende, Tobias"]
[Black "Lind, Jan-Olov"]
[Result "1-0"]
[WhiteElo "2106"]
[BlackElo "2232"]
[PlyCount "81"]

1. d4 c5 2. d5 e5 3. c4 d6 4. Nc3 Nf6 5. e4 g6 6. Bd3 Bg7 7. h3 a6 8. Nf3 Nbd7
9. Bd2 Rb8 10. a4 b6 11. Qc1 Nh5 12. Ne2 f5 13. exf5 Ndf6 14. Qc2 Qe7 15. Ng5
e4 16. Bxe4 Nxe4 17. Qxe4 Bxb2 18. Qxe7+ Kxe7 19. Ra2 Bg7 20. fxg6 hxg6 21. g4
Nf6 22. Nf4 Bxg4 23. Nxg6+ Kd7 24. Nxh8 Rxh8 25. Rg1 Bf5 26. Ne6 Bh6 27. Bxh6
Rxh6 28. Rg7+ Kc8 29. Rb2 Nd7 30. Rg8+ Kb7 31. Nd8+ Kc7 32. a5 Rxh3 33. axb6+
Nxb6 34. Rg7+ Kxd8 35. Rxb6 Bc8 36. Rg8+ Kd7 37. Rb8 Rc3 38. Rbxc8 Rxc4 39. Ra8
Re4+ 40. Kf1 Kc7 41. Rxa6 1-0

[Event "Superettan(Orebro-Majorna)"]
[Site "?"]
[Date "2010.12.04"]
[Round "3"]
[White "Blomstrom, Lars"]
[Black "Fahlstrom, Kenneth"]
[Result "1-0"]
[WhiteElo "2179"]
[BlackElo "2001"]
[PlyCount "39"]

1. e4 c6 2. d4 d5 3. Nc3 dxe4 4. Nxe4 Nd7 5. Nf3 Ngf6 6. Ng3 e6 7. Bd3 Be7 8.
O-O b6 9. Re1 O-O 10. Qe2 Re8 11. Ne5 Bb7 12. Bd2 Nf8 13. Rad1 c5 14. dxc5 Bxc5
15. Bg5 Bd4 16. c3 Qd5 17. Nf3 Qxa2 18. Nxd4 Qd5 19. Nf3 Qa5 20. Bxf6 1-0

[Event "Superettan(Orebro-Majorna)"]
[Site "?"]
[Date "2010.12.04"]
[Round "3"]
[White "Holzmann-Ekholm, Alexander"]
[Black "Jonsson, Krister"]
[Result "0-1"]
[WhiteElo "1907"]
[BlackElo "2060"]
[PlyCount "108"]

1. e4 e6 2. d4 d5 3. e5 c5 4. c3 Nc6 5. Nf3 Qb6 6. Bd3 Bd7 7. Bc2 cxd4 8. cxd4
Nb4 9. O-O Nxc2 10. Qxc2 Rc8 11. Nc3 Bb4 12. Bd2 Ne7 13. a3 Bxc3 14. Bxc3 Nf5
15. Qd2 O-O 16. Bb4 Rfe8 17. h3 Ba4 18. Rac1 Qb5 19. g4 Nh6 20. Qg5 Qd3 21. Kg2
Rc4 22. Rxc4 dxc4 23. Re1 Bc6 24. Re3 Qb1 25. Be7 Bd5 26. Kg3 Qg6 27. Nh4 Qxg5
28. Bxg5 Kf8 29. Bxh6 gxh6 30. f4 Ke7 31. f5 Rg8 32. f6+ Kd7 33. Kf4 b5 34. Nf3
a5 35. Nd2 b4 36. Re1 Kc6 37. Rc1 Kb5 38. Ne4 Bxe4 39. Kxe4 h5 40. Kf4 hxg4 41.
hxg4 Rd8 42. Ke3 Rg8 43. Rh1 Rxg4 44. Rxh7 c3 45. bxc3 bxa3 46. Rh1 Rg3+ 47.
Kd2 Kc4 48. Rc1 Rg2+ 49. Ke3 a2 50. Ra1 Rh2 51. Kf3 Kb3 52. Kg3 Rd2 53. Kf4 Kb2
54. Rh1 Kxc3 0-1

[Event "Superettan(Mark-Horndal)"]
[Site "?"]
[Date "2010.12.05"]
[Round "3"]
[White "Vaarala, Eric"]
[Black "Oskarsson, Bo-Lennart"]
[Result "0-1"]
[WhiteElo "2250"]
[BlackElo "2207"]
[PlyCount "118"]

1. e4 c5 2. Nf3 e6 3. d4 cxd4 4. Nxd4 Nf6 5. Bd3 Nc6 6. Nb3 d5 7. exd5 Nxd5 8.
a3 e5 9. O-O Be6 10. Re1 Be7 11. c4 Nf6 12. Nc3 Qd7 13. Bg5 O-O-O 14. Bf1 Qxd1
15. Raxd1 Rxd1 16. Rxd1 Rd8 17. Rxd8+ Kxd8 18. Bd3 Nd7 19. Be3 g6 20. Nd5 f5
21. Nxe7 Kxe7 22. f3 f4 23. Bf2 Bf5 24. Be2 Kd6 25. Nc1 Nd4 26. Kf1 b6 27. Ke1
Nxe2 28. Kxe2 e4 29. Bd4 Ne5 30. b3 g5 31. Na2 exf3+ 32. gxf3 Bc2 33. Nc1 Ke6
34. c5 bxc5 35. Bxc5 a6 36. Bd4 h5 37. a4 g4 38. fxg4 hxg4 39. a5 Kd5 40. Bxe5
Kxe5 41. b4 Kd5 42. Kf2 Kc4 43. Ne2 f3 44. Nf4 Kxb4 45. Nd5+ Kxa5 46. Ne3 Bg6
47. Nxg4 Kb4 48. Ne5 Bh5 49. Nd3+ Kc4 50. Nf4 a5 51. Nxh5 a4 52. Kxf3 a3 53. h4
a2 54. Ng3 a1=Q 55. h5 Kd5 56. Kg4 Qg7+ 57. Kf4 Qf6+ 58. Kg4 Ke5 59. Kh3 Qg5
0-1

[Event "Superettan(Mark-Horndal)"]
[Site "?"]
[Date "2010.12.05"]
[Round "3"]
[White "Hautajarvi, Jukka"]
[Black "Olsson, Krister"]
[Result "1-0"]
[WhiteElo "2177"]
[BlackElo "2300"]
[PlyCount "93"]

1. b3 e5 2. Bb2 d6 3. c4 Nf6 4. d3 g6 5. Nf3 Bg7 6. e3 O-O 7. Be2 c5 8. Qc2 Nc6
9. a3 b6 10. Nbd2 Re8 11. Rd1 Bb7 12. Qb1 d5 13. cxd5 Nxd5 14. O-O Rc8 15. Rfe1
Rc7 16. Bf1 Rd7 17. Qa1 f6 18. Nc4 Nc7 19. Bc3 b5 20. Ncd2 Ne6 21. b4 a6 22.
Nb3 cxb4 23. axb4 Bf8 24. Qa3 Qe7 25. Na5 Nxa5 26. Qxa5 Rc7 27. Qa1 Rec8 28.
Rc1 Qd7 29. Bd2 Rc2 30. Red1 Qd5 31. Rxc2 Rxc2 32. Qa5 Qa2 33. Qb6 Bxf3 34.
gxf3 Ng5 35. Qxf6 Rxd2 36. Rxd2 Qxd2 37. Qxg5 Qxb4 38. Qxe5 Qd6 39. f4 Qxe5 40.
fxe5 Kf7 41. d4 Ke6 42. f3 g5 43. Kf2 Ba3 44. Ke2 b4 45. Bh3+ Kd5 46. Kd3 b3
47. Bd7 1-0

[Event "Superettan(Mark-Horndal)"]
[Site "?"]
[Date "2010.12.05"]
[Round "3"]
[White "Rorvall, Goran"]
[Black "Abdollahzadeh, Arash"]
[Result "0-1"]
[WhiteElo "2179"]
[BlackElo "2302"]
[PlyCount "70"]
[EventDate "2010.??.??"]

1. e4 c5 2. Nf3 e6 3. b3 d6 4. Bb2 Nf6 5. e5 dxe5 6. Nxe5 Nbd7 7. Bb5 Bd6 8.
Nxd7 Bxd7 9. Bxd7+ Qxd7 10. Qf3 e5 11. Nc3 O-O-O 12. O-O-O Rhe8 13. d3 Qg4 14.
Qxg4+ Nxg4 15. Ne4 f5 16. Nxd6+ Rxd6 17. Rd2 Rde6 18. h3 Nh6 19. Re1 Nf7 20.
Rde2 g5 21. g4 f4 22. Re4 Kd7 23. Ra4 a6 24. Rc4 b6 25. Rce4 Kd6 26. a4 Kd5 27.
Kd2 Rh6 28. d4 cxd4 29. Bxd4 Rxh3 30. Bxb6 Nd6 31. Rb4 e4 32. c4+ Kc6 33. Kc2
Rh2 34. Kc3 e3 35. fxe3 Ne4+ 0-1

[Event "Superettan(Mark-Horndal)"]
[Site "?"]
[Date "2010.12.05"]
[Round "3"]
[White "Sixtensson, Mikael"]
[Black "Angskog, Kent"]
[Result "1/2-1/2"]
[WhiteElo "2277"]
[BlackElo "2230"]
[PlyCount "23"]

1. Nf3 g6 2. g3 Bg7 3. d4 c5 4. c3 cxd4 5. cxd4 Nf6 6. Nc3 d5 7. Bg2 O-O 8. O-O
a6 9. Ne5 e6 10. Bf4 Nh5 11. Be3 f5 12. f4 1/2-1/2

[Event "Superettan(Mark-Horndal)"]
[Site "?"]
[Date "2010.12.05"]
[Round "3"]
[White "Bengts, Torleif"]
[Black "Svensson, Leif"]
[Result "1/2-1/2"]
[WhiteElo "2164"]
[BlackElo "2129"]
[PlyCount "60"]
[EventDate "2010.??.??"]

1. e4 e5 2. Nf3 Nc6 3. Bb5 a6 4. Ba4 Nf6 5. d4 exd4 6. O-O Be7 7. Re1 b5 8. e5
Nxe5 9. Nxe5 bxa4 10. Qxd4 O-O 11. Qxa4 Rb8 12. c4 Bc5 13. Qc2 Re8 14. Bf4 d6
15. Nf3 Rxe1+ 16. Nxe1 Ng4 17. Bg3 Qf6 18. Nc3 Bf5 19. Qe2 Qe6 20. Qxe6 Bxe6
21. b3 Bd4 22. Rc1 Nf6 23. Bf4 g5 24. Bxg5 Bxc3 25. Rxc3 Ne4 26. Re3 Nxg5 27.
Rg3 h6 28. h4 Re8 29. Nc2 f6 30. Nd4 Bd7 1/2-1/2

[Event "Superettan(Mark-Horndal)"]
[Site "?"]
[Date "2010.12.05"]
[Round "3"]
[White "Forsberg, Timmy"]
[Black "Becker, Johnny"]
[Result "1-0"]
[WhiteElo "2117"]
[BlackElo "2140"]
[PlyCount "105"]
[SourceDate "2010.12.29"]

1. d4 c5 2. d5 e5 3. c4 d6 4. Nc3 Be7 5. e4 a6 6. Bd3 Bg5 7. Nge2 Bxc1 8. Qxc1
Nf6 9. O-O O-O 10. Ng3 Re8 11. a3 Nbd7 12. b4 b6 13. Rb1 Qc7 14. Na4 Rb8 15.
bxc5 Nxc5 16. Nxc5 Qxc5 17. Qb2 Re7 18. Qb4 Reb7 19. Qxc5 bxc5 20. Rxb7 Rxb7
21. Rb1 Rxb1+ 22. Bxb1 g6 23. f3 Kg7 24. Kf2 Ng8 25. Bc2 Bd7 26. Ne2 f5 27. Nc3
Nf6 28. Ke3 Kf7 29. Bb1 f4+ 30. Kf2 g5 31. Bc2 g4 32. Bd1 h5 33. Be2 Kg6 34.
Bf1 h4 35. g3 Kg5 36. gxh4+ Kxh4 37. fxg4 Nxg4+ 38. Kg1 Ne3 39. Bd3 Kh3 40. Be2
Bg4 41. Bf1+ Nxf1 42. Kxf1 Kxh2 43. Kf2 Bd7 44. Ne2 Kh3 45. Nxf4+ Kg4 46. Ne6
Ba4 47. Ke3 Bb3 48. Kd3 Kf3 49. Ng5+ Kf4 50. Nf7 Ba2 51. Nxd6 Bb1+ 52. Kc3 Ke3
53. Nf5+ 1-0

[Event "Superettan(Mark-Horndal)"]
[Site "?"]
[Date "2010.12.05"]
[Round "3"]
[White "Eriksson, Magnus"]
[Black "Kleimark, Anders"]
[Result "1-0"]
[WhiteElo "2104"]
[BlackElo "2003"]
[PlyCount "59"]

1. d4 Nf6 2. c4 e6 3. Nf3 Bb4+ 4. Nbd2 b6 5. e3 Bb7 6. Bd3 O-O 7. O-O Bxd2 8.
Nxd2 d6 9. Qc2 Nc6 10. a3 e5 11. d5 Ne7 12. b4 g6 13. f4 Ng4 14. Nf3 f6 15. h3
Nh6 16. fxe5 fxe5 17. e4 Nf7 18. Be3 Kg7 19. c5 bxc5 20. bxc5 a5 21. Rab1 Ba6
22. Bxa6 Rxa6 23. Rb7 dxc5 24. Qxc5 Nd6 25. Rxc7 h6 26. Rc1 Re8 27. Nxe5 Ra8
28. Ng4 h5 29. Qd4+ Kg8 30. Bh6 1-0